[Event "May Roses Cup"]
[Site "Bucharest ROM"]
[Date "2006.05.09"]
[Round "5"]
[White "Lupulescu,C"]
[Black "Burnoiu,N1"]
[Result "1-0"]
[WhiteElo "2534"]
[BlackElo "2424"]

1.e4 d5 2.exd5 Qxd5 3.Nc3 Qd6 4.d4 Nf6 5.Be2 c6 6.Bf3 Bf5 7.Nge2 e6 8.Bf4 Qd8
9.Ng3 Bg6 10.O-O Bd6 11.Nce2 Qc7 12.Qd2 Nbd7 13.Rad1 O-O 14.c3 e5 15.dxe5 Bxe5
16.Be3 Nb6 17.b3 Rad8 18.Qc1 Rxd1 19.Rxd1 Rd8 20.Rxd8+ Qxd8 21.Nf4 Nbd5 22.Nxg6 hxg6
23.Bd2 Qd6 24.Kf1 Nf4 25.Qc2 Nd3 26.Ne4 Nxe4 27.Bxe4 Nc5 28.Bf3 Bf4 29.Bxf4 Qxf4
30.h3 Qe5 31.Qd2 Ne6 32.Bg4 Kh7 33.Qe1 Qh2 34.Bxe6 fxe6 35.Qe4 Qh1+ 36.Ke2 Qc1
37.Qd3 Qb2+ 38.Qd2 Qb1 39.f3 Qg1 40.Kd3 Qb1+ 41.Ke3 Qg1+ 42.Kf4 Qh2+ 43.Ke4 e5
44.b4 Qg3 45.a4 a6 46.a5 Kh8 47.Qe2 Qh4+ 48.g4 Kh7 49.Qe3 Qf6 50.Kd3 Qd6+
51.Kc2 Qd5 52.Qe4 Qd6 53.Qc4 Qf6 54.Qd3 Kh6 55.Qe3+ Kh7 56.Kd3 Qd6+ 57.Ke2 Qd5
58.Qe4 Qd6 59.Ke3 Kh8 60.Qd3 Qf6 61.Qe4 Qd6 62.Qd3 Qf6 63.Qd7 Qf4+ 64.Ke2 Qh2+
65.Kd3 Qf4 66.Qd8+ Kh7 67.Qh4+ Kg8 68.Qf2 e4+ 69.Ke2 Qc1 70.Qd4 exf3+ 71.Kxf3 Qh1+
72.Kg3 Qe1+ 73.Kf4 Qf1+ 74.Ke5 Qf6+ 75.Ke4 Qe6+ 76.Kd3 Kh7 77.Qe4 Qd6+ 78.Kc4 Kh8
79.Qd4 Qe7 80.Qf4 Kh7 81.Kd4 c5+ 82.bxc5 Qd8+ 83.Qd6 Qxa5 84.Qd7 b6 85.c6 Qc5+
86.Ke4 Qc4+ 87.Ke5 Qxc3+ 88.Kd6 Qg3+ 89.Ke6 Qe3+ 90.Kf7 Qf4+ 91.Ke8 Qb8+
92.Qd8 Qe5+ 93.Kd7 a5 94.Qh4+ Kg8 95.Qe7 Qb5 96.Qe6+ Kh7 97.Kd8 Qd3+ 98.Qd7 Qf3
99.c7 Qf8+ 100.Qe8 Qd6+ 101.Kc8 b5 102.Kb7 Qd5+ 103.Qc6 Qf7 104.Ka8  1-0

[Event "Geller Mem"]
[Site "Moscow RUS"]
[Date "2006.05.09"]
[Round "9"]
[White "Khruschiov,A"]
[Black "Glek,I"]
[Result "1/2-1/2"]
[WhiteElo "2408"]
[BlackElo "2560"]

1.e4 d5 2.exd5 Qxd5 3.Nc3 Qd8 4.d4 Nf6 5.Nf3 Bg4 6.h3 Bxf3 7.Qxf3 c6 8.Be3 e6
9.Bd3 Nbd7 10.O-O Bd6 11.Rad1 O-O 12.Ne4 Nxe4 13.Qxe4 g6 14.c4 Re8 15.Qf3 Qh4
16.Rfe1 e5 17.Qg4 Qxg4 18.hxg4 exd4 19.Bxd4 Be5 20.Bxe5 Nxe5  1/2-1/2

[Event "XXXVI Bosnia GMB"]
[Site "Sarajevo BIH"]
[Date "2006.05.10"]
[Round "4"]
[White "Stojanovski,D"]
[Black "Milanovic,Da"]
[Result "1/2-1/2"]
[WhiteElo "2384"]
[BlackElo "2513"]

1.e4 d5 2.exd5 Qxd5 3.Nc3 Qd6 4.d4 Nf6 5.Nf3 a6 6.g3 b5 7.Bg2 Bb7 8.O-O e6
9.Bf4 Qb6 10.Ne5 Bxg2 11.Kxg2 Qb7+ 12.Qf3 Qxf3+ 13.Kxf3 Bd6 14.Rfd1 Nbd7
15.Nxd7 Nxd7 16.Ne4 Ke7 17.a4 b4 18.c4 bxc3 19.bxc3 Rhb8 20.Rdb1 Nb6 21.Nxd6 cxd6
22.Ke2 Kd7 23.Kd3 Kc6 24.c4 Nd7 25.Kc3  1/2-1/2

[Event "1st Open"]
[Site "Sofia BUL"]
[Date "2006.05.11"]
[Round "1"]
[White "Tzouganakis,P"]
[Black "Kozhuharov,S"]
[Result "0-1"]
[WhiteElo "1796"]
[BlackElo "2394"]

1.e4 d5 2.exd5 Qxd5 3.Nc3 Qd6 4.Nf3 Nf6 5.Be2 a5 6.d4 Nc6 7.O-O Bf5 8.Be3 O-O-O
9.Ng5 Bg6 10.Bd3 h6 11.Nf3 Ng4 12.h3 Nxe3 13.fxe3 Bxd3 14.Qxd3 e6 15.a3 f5
16.Na4 g6 17.Nc5 e5 18.Qb3 b6 19.Qe6+ Kb8 20.Na6+ Kb7 21.Qxd6 Bxd6 22.Nb4 axb4  0-1

[Event "XXXVI Bosnia GMB"]
[Site "Sarajevo BIH"]
[Date "2006.05.13"]
[Round "6"]
[White "Saric,Ib"]
[Black "Milanovic,Da"]
[Result "1/2-1/2"]
[WhiteElo "2476"]
[BlackElo "2513"]

1.e4 d5 2.exd5 Qxd5 3.Nc3 Qd6 4.d4 Nf6 5.Nf3 a6 6.Bd3 g6 7.h3 Bg7 8.O-O O-O
9.Ne4 Nxe4 10.Bxe4 Nd7 11.c3 Rb8 12.Bg5 b5 13.Re1 Nf6 14.Bc2 Bb7 15.Qe2 Rfe8
16.Rad1 Bd5 17.Bb3 a5 18.Nd2 Ba8 19.a3 c5 20.dxc5 Qxc5 21.Bxf6 Bxf6 22.Ne4 Bxe4
23.Qxe4 Red8 24.Rxd8+ Rxd8 25.Rd1  1/2-1/2

[Event "ch-UKR sf"]
[Site "Alushta UKR"]
[Date "2006.05.14"]
[Round "2"]
[White "Varchenko,G"]
[Black "Kuchin,P"]
[Result "1-0"]
[WhiteElo "2183"]
[BlackElo "2034"]

1.e4 d5 2.exd5 Qxd5 3.Nc3 Qd6 4.d4 a6 5.Be3 Nf6 6.h3 Nc6 7.Nf3 Bf5 8.a3 h6
9.d5 Ne5 10.Nd4 Bd7 11.Nb3 b6 12.Qd4 Ng6 13.O-O-O e5 14.dxe6 Qxe6 15.Bc4 Qe5
16.Rhe1 Be7 17.Qd2 Qh2 18.Bd4 Bc6 19.Bxf6 gxf6 20.Nd5 Bxd5 21.Bxd5 O-O-O
22.Qe2 Qf4+ 23.Kb1 Qa4 24.Rd4 Qb5 25.Qxb5 axb5 26.Bxf7 Rxd4 27.Nxd4 Bc5 28.Nxb5 Ne5
29.Be6+ Kb7 30.f4 Ng6 31.Rf1 Rd8 32.Bf5 Ne7 33.Be4+ c6 34.b4 Be3 35.Nc3 f5
36.Bd3 Bd4 37.Ne2 Bf6 38.Ng3 Rg8 39.Nxf5 Nxf5 40.Bxf5 Rxg2 41.Rd1  1-0

[Event "ch-UKR sf"]
[Site "Alushta UKR"]
[Date "2006.05.15"]
[Round "3"]
[White "Shepotilo,V"]
[Black "Makarevich,V"]
[Result "0-1"]
[WhiteElo "2219"]
[BlackElo "2062"]

1.e4 d5 2.exd5 Qxd5 3.Nc3 Qd6 4.d4 c6 5.Bc4 Nf6 6.Bg5 Bg4 7.Qd2 Nbd7 8.h3 Bh5
9.g4 Bg6 10.Bf4 Qb4 11.Bb3 e6 12.a3 Qa5 13.Nf3 Bb4 14.O-O Ne4 15.Qe2 Bxc3
16.bxc3 Qxc3 17.Rad1 Ndf6 18.Ne5 Qxh3 19.Rd3 Nc3 20.Rxc3 Qxc3 21.Rd1 O-O
22.Nxg6 hxg6 23.Rd3 Qa1+ 24.Kg2 Rad8 25.Be5 Qc1 26.f4 Nd5 27.Bxd5 cxd5 28.Rd1 Qb2
29.Rd2 Rc8 30.c4 Qxa3 31.c5 b6 32.f5 exf5 33.gxf5 bxc5 34.f6 Rfe8 35.Rd3 Qc1
36.fxg7 cxd4  0-1

[Event "ch-UKR sf"]
[Site "Alushta UKR"]
[Date "2006.05.19"]
[Round "7"]
[White "Dichkovskij,A"]
[Black "Makarevich,V"]
[Result "0-1"]
[WhiteElo "1942"]
[BlackElo "2062"]

1.e4 d5 2.exd5 Qxd5 3.Nc3 Qd6 4.d4 c6 5.Bc4 Nf6 6.h3 Bf5 7.Nf3 Nbd7 8.O-O e6
9.Re1 Be7 10.Be3 O-O 11.Bd3 Bxd3 12.Qxd3 Qc7 13.Ng5 h6 14.Nge4 Nd5 15.Nxd5 cxd5
16.Nd2 Rfc8 17.c3 Bd6 18.Rec1 a6 19.c4 dxc4 20.Rxc4 Qd8 21.Rac1 Nb6 22.Rxc8 Rxc8
23.Nc4 Nd5 24.Nxd6 Rxc1+ 25.Bxc1 Qxd6 26.Qc4 Qc7 27.Qxc7 Nxc7 28.Kf1 Nd5
29.Bd2 Kf8 30.Ke2 Ke7 31.Kd3 Kd6 32.b3 h5 33.g3 b5 34.a4 Nf6 35.axb5 axb5
36.Bg5 Nd7 37.Bd8 Kd5 38.f3 Nb8 39.Bg5 Nc6 40.Be3 f5 41.Bf2 Na5 42.Kc3 Nc6
43.Kd3 Ne7 44.Be3 Nc8 45.Bf4 g6 46.Kc3 Ne7 47.Bg5 Nc8 48.Bf4 Nb6 49.Be3 Kd6
50.Bf4+ Kc6 51.Kd3 Nd5 52.Bd2 Kd6 53.Bf4+ Ke7 54.Bd2 Kf6 55.g4 e5 56.gxh5 gxh5
57.h4 Ke6 58.Bc3 Nf4+ 59.Kd2 Ng6 60.dxe5 Nxh4 61.Ke3 Ng2+ 62.Kf2 Nf4 63.Bd4 Ng6
64.Kg3 f4+  0-1

[Event "NAO Tune-Up"]
[Site "Wichita USA"]
[Date "2006.05.20"]
[Round "3"]
[White "Langer,M USA"]
[Black "Braunlich,T"]
[Result "0-1"]
[WhiteElo "2308"]
[BlackElo "2178"]

1.e4 d5 2.exd5 Qxd5 3.Nc3 Qd6 4.d4 Nf6 5.Bc4 a6 6.Nge2 b5 7.Bd3 Bb7 8.f3 Nbd7
9.Bf4 Qb6 10.a4 b4 11.a5 Qa7 12.Ne4 Nd5 13.Bc4 e6 14.c3 Be7 15.Qa4 Rd8 16.Bxd5 Bxd5
17.cxb4 Bxe4 18.fxe4 Qb7 19.O-O Qxe4 20.Bxc7 Rc8 21.b5 axb5 22.Qxb5 Rxc7
23.Rfc1 Rb7 24.Rc8+ Bd8 25.Qc6 Qxc6 26.Rxc6 Nb8 27.Rc8 Kd7 28.Rac1 Re8 29.R8c2 Bxa5
30.Nf4 Bb6 31.Kf1 Bxd4 32.Rd1 e5 33.Nh5 Rg8 34.Ng3 Rc8 35.Re2 Rc6 36.Ne4 f5
37.Ng3 Kc7 38.Rb1 g6 39.b4 Rb5 40.Ra2 Na6 41.Ne2 Rxb4 42.Rxb4 Nxb4 43.Ra4 Ra6
44.Rxa6 Nxa6 45.g3 Kc6 46.Kg2 Kd5 47.Kf3 Nc5 48.g4 e4+  0-1

[Event "Muresul Cup"]
[Site "Arad ROM"]
[Date "2006.05.21"]
[Round "2"]
[White "Ardeleanu,A"]
[Black "Malaniuk,V"]
[Result "0-1"]
[WhiteElo "2424"]
[BlackElo "2539"]

1.e4 d5 2.exd5 Qxd5 3.Nc3 Qd6 4.d4 Nf6 5.Bc4 a6 6.Nge2 b5 7.Bb3 Bb7 8.Bf4 Qd7
9.d5 c5 10.dxc6 Qxc6 11.f3 Nbd7 12.Qd2 e5 13.Be3 Nc5 14.O-O-O Nxb3+ 15.axb3 Bb4
16.Bg5 O-O 17.Kb1 a5 18.Qd3 Bxc3 19.Bxf6 Qxf6 20.Nxc3 b4 21.Ne4 Bxe4 22.fxe4 a4
23.bxa4 Rxa4 24.b3 Ra3 25.Kb2 Qf2 26.Ra1 Qa7 27.Rhd1 h5 28.Rf1 Ra8 29.Rab1 Ra2+
30.Kc1 Rc8 31.Kd1 Rcxc2 32.Qxc2 Qd4+  0-1

[Event "NAO Tune-Up"]
[Site "Wichita USA"]
[Date "2006.05.21"]
[Round "5"]
[White "Galant,S"]
[Black "Braunlich,T"]
[Result "1-0"]
[WhiteElo "2212"]
[BlackElo "2178"]

1.e4 d5 2.exd5 Qxd5 3.Nc3 Qd6 4.Nf3 Nf6 5.d4 a6 6.h3 b5 7.Bd3 Bb7 8.Qe2 Nbd7
9.O-O e6 10.Ne4 Qd5 11.Re1 Be7 12.Ng3 O-O 13.Bf4 c5 14.c4 bxc4 15.Bxc4 Qc6
16.dxc5 Bxc5 17.Rac1 Qb6 18.b3 Rac8 19.Red1 Nd5 20.Bd2 N7f6 21.Bd3 Bb4 22.Ne4 Bxd2
23.Qxd2 Nxe4 24.Bxe4 f5 25.Bd3 Nb4 26.Be2 Rxc1 27.Rxc1 Rd8 28.Qf4 Nd3 29.Bxd3 Rxd3
30.Ne5 Rd4 31.Qg5 Qd6 32.Nc4 Qd5 33.Ne3 Qd6 34.Qh5 g6 35.Qg5 Kg7 36.Nc4 Rd1+
37.Rxd1 Qxd1+ 38.Kh2 Qd5 39.Qe7+ Kh6 40.f3 f4 41.Qf8+ Kh5 42.Qxf4 Qg5 43.g4+  1-0

[Event "37th Olympiad w"]
[Site "Turin ITA"]
[Date "2006.05.23"]
[Round "3"]
[White "Thorsteinsdottir,G"]
[Black "Monterroso,K"]
[Result "1-0"]
[WhiteElo "2138"]
[BlackElo "1723"]

1.e4 d5 2.exd5 Qxd5 3.Nc3 Qd6 4.d4 Nf6 5.Nf3 a6 6.Be2 Bf5 7.Be3 Nc6 8.a3 e6
9.Qd2 Rd8 10.h3 Be7 11.O-O O-O 12.Rad1 Nd5 13.Nxd5 exd5 14.Bf4 Qd7 15.Rfe1 Rfe8
16.Ne5 Nxe5 17.dxe5 c6 18.Bd3 h6 19.Re3 d4 20.Rf3 Bxd3 21.Rxd3 c5 22.Bxh6 Bf8
23.Bf4 Qb5 24.c3 dxc3 25.Qxc3 Rc8 26.Rd7 g6 27.Qd2 c4 28.a4 Qc6 29.Qd5 Qxd5
30.R1xd5 Rb8 31.e6 fxe6 32.Rg5 Re7 33.Rxg6+ Kf7 34.Rxe7+ Bxe7 35.Rh6 Rg8
36.Be5 b5 37.axb5 axb5 38.Kf1 Bg5 39.Rh7+  1-0

[Event "37th Olympiad w"]
[Site "Turin ITA"]
[Date "2006.05.23"]
[Round "3"]
[White "Carreras,P"]
[Black "Aginian,N"]
[Result "1-0"]
[WhiteElo "1935"]
[BlackElo "2333"]

1.e4 d5 2.exd5 Qxd5 3.Nc3 Qd6 4.Nf3 Nf6 5.d4 a6 6.h3 Nc6 7.Bd3 Nb4 8.O-O Nxd3
9.Qxd3 g6 10.Ne5 Bg7 11.Bf4 Qd8 12.Rfe1 O-O 13.Rad1 c6 14.Na4 Nd5 15.Bg3 Qa5
16.Qb3 Qb5 17.c4 Qxb3 18.axb3 Nb4 19.Nb6 Ra7 20.Nf3 Bf5 21.Rxe7 a5 22.Ne5 Bf6
23.Rd7 Bxe5 24.Bxe5 Bxd7 25.Nxd7 Rc8 26.Nb6 Re8 27.Kf1 Ra6 28.Nd7 Rc8 29.Nf6+ Kf8
30.Nxh7+ Ke8 31.Rd2 Kd7 32.Nf6+ Ke6 33.f4 a4 34.Re2 Nd3 35.Ne4 Nxe5 36.Nc5+ Kf5
37.Rxe5+ Kf6 38.Nxa6 bxa6 39.bxa4 Rb8 40.Rc5 Rxb2 41.g4 Rb4 42.Rxc6+ Ke7
43.Rc7+ Ke8 44.d5 Rxa4 45.c5 Rxf4+ 46.Ke2 Kd8 47.d6 Rd4 48.Ke3 Rd5 49.Ke4 Rd1
50.Rxf7 a5 51.Ra7 Rd2 52.Rxa5 Kd7 53.Ra7+ Ke6 54.Re7+ Kf6 55.Rc7 Rd1 56.d7 Ke7
57.c6 Rd6 58.Rc8  1-0

[Event "37th Olympiad w"]
[Site "Turin ITA"]
[Date "2006.05.25"]
[Round "5"]
[White "Dauletova,G"]
[Black "Carreras,P"]
[Result "1-0"]
[WhiteElo "2144"]
[BlackElo "1935"]

1.e4 d5 2.exd5 Qxd5 3.Nc3 Qd6 4.d4 Nf6 5.h3 a6 6.Bd3 Nc6 7.Nf3 Nb4 8.O-O Nxd3
9.Qxd3 g6 10.Ne4 Nxe4 11.Qxe4 Qe6 12.Qh4 Bd7 13.Re1 Qb6 14.Ne5 Be6 15.c4 c6
16.Nxg6 hxg6 17.Qxh8 O-O-O 18.d5 cxd5 19.cxd5 Bxd5 20.Be3 Qb5 21.a4 Qb4 22.Rac1+ Bc6
23.Bc5 Qxa4 24.Bb6 Re8 25.Qe5 Qb4 26.Qc7+  1-0

[Event "37th Olympiad w"]
[Site "Turin ITA"]
[Date "2006.05.25"]
[Round "5"]
[White "Zepeda,L"]
[Black "Fierro Baquero,M"]
[Result "1-0"]
[WhiteElo "2122"]
[BlackElo "2294"]

1.e4 d5 2.exd5 Qxd5 3.Nc3 Qd8 4.d4 Nf6 5.Bc4 c6 6.Nf3 Bf5 7.Ne5 e6 8.g4 Bg6
9.h4 Bb4 10.Rh3 Nbd7 11.f3 Nxe5 12.dxe5 Qa5 13.exf6 Bxc3+ 14.Kf1 h5 15.bxc3 Qxc3
16.Qd6 Qxc4+ 17.Kf2 Qxc2+ 18.Kg3 gxf6 19.Ba3  1-0

[Event "37th Olympiad w"]
[Site "Turin ITA"]
[Date "2006.05.28"]
[Round "7"]
[White "Sabirova,O"]
[Black "Ptacnikova,L"]
[Result "1/2-1/2"]
[WhiteElo "2212"]
[BlackElo "2183"]

1.e4 d5 2.exd5 Qxd5 3.Nc3 Qd6 4.d4 Nf6 5.Nf3 a6 6.Be2 Nc6 7.O-O Bg4 8.Be3 O-O-O
9.Ng5 Be6 10.Nxe6 Qxe6 11.Na4 Qd6 12.c3 e5 13.Qb3 exd4 14.Rfd1 Qe6 15.Qxe6+ fxe6
16.Bxd4 Nxd4 17.cxd4 Bd6 18.Rac1 e5 19.dxe5 Bxe5 20.Bf3 Bd4 21.Kf1 Rd6 22.Rc4 Rhd8
23.Rdc1 c6 24.Nc5 Bxc5 25.Rxc5 Kc7 26.R5c2 Nd5 27.a3 Nf4 28.g3 Nd3 29.Rd1 h6
30.Be2 a5 31.f4 a4 32.Rdd2 Rd5 33.Bf3 Nb4 34.Rxd5 Nxd5 35.Kf2 Nf6 36.Re2 Rd7
37.g4 Kb6 38.h4 Kc5 39.g5 Nd5 40.Kg3 Rf7 41.Re4 b5 42.Bg4 hxg5 43.hxg5 b4
44.Be6 Rb7 45.Kg4 bxa3 46.bxa3 Kd6 47.f5 Rb1 48.Bxd5 cxd5 49.Rxa4 Ke5 50.Ra7 Rg1+
51.Kh5 Kxf5 52.Rf7+ Ke6 53.Rxg7 d4 54.Rg8 Ke7 55.Rb8 d3 56.Rb2 Ra1 57.Rf2 Rxa3
58.g6 Ra1 59.Kh6 Rh1+ 60.Kg7 Re1 61.Rd2 Re3 62.Kg8 Rg3 63.g7 Ke6 64.Kf8 Rf3+
65.Ke8 Rg3 66.Kf8 Rf3+ 67.Kg8 Rg3 68.Rf2 Ke5 69.Kf7 Ke4 70.Rf6 d2 71.Rd6 Ke3  1/2-1/2

[Event "37th Olympiad w"]
[Site "Turin ITA"]
[Date "2006.05.28"]
[Round "7"]
[White "Lujan,C"]
[Black "Zepeda,L"]
[Result "1-0"]
[WhiteElo "2378"]
[BlackElo "2122"]

1.e4 d5 2.exd5 Qxd5 3.Nc3 Qd6 4.d4 Nf6 5.Bd3 a6 6.Nge2 b5 7.Ne4 Nxe4 8.Bxe4 c6
9.O-O e6 10.Bf4 Qd7 11.c4 Bb7 12.c5 a5 13.Ng3 Be7 14.Nh5 O-O 15.Re1 g6 16.Bc2 Qd8
17.Bh6 Re8 18.Qf3 Nd7 19.Bb3 Bg5 20.Bxg5 Qxg5 21.Ng3 Qe7 22.Ne4 a4 23.Bc2 Ra6
24.Nd6 Rb8 25.b3 axb3 26.Bxb3 Nf8 27.Qf4 Raa8 28.Re3 Rd8 29.Rf3 Rd7 30.Qe5 Qd8
31.Ne4 f5 32.Nf6+ Kf7 33.Nxd7 Qxd7 34.g4  1-0

[Event "37th Olympiad w"]
[Site "Turin ITA"]
[Date "2006.05.28"]
[Round "7"]
[White "Giulian,R"]
[Black "Monterroso,K"]
[Result "1/2-1/2"]
[WhiteElo "2050"]
[BlackElo "1723"]

1.e4 d5 2.exd5 Qxd5 3.Nc3 Qd6 4.d4 Nf6 5.Nf3 Bf5 6.g3 Nc6 7.a3 e6 8.Be3 Rd8
9.Qe2 a6 10.Bg2 Be7 11.O-O O-O 12.Nd1 Nd5 13.c3 Bf6 14.Bg5 Rfe8 15.Bxf6 Nxf6
16.Ne3 Be4 17.Ng4 Nxg4 18.Qxe4 Nf6 19.Qc2 b5 20.Rfe1 Ne7 21.Ng5 Qb6 22.Rad1 h6
23.Ne4 Nfd5 24.Nc5 Nf5 25.Re5 Nfe7 26.Rde1 Nc6 27.R5e2 Na5 28.Re5 Nc4 29.R5e2 c6
30.Qe4 a5 31.Qg4 Qc7 32.h4 Qb6 33.Nd3 Re7 34.Qf3 Rc7 35.Bh3 b4 36.axb4 axb4
37.Nc5 Re7 38.Qd3 Nd6 39.c4 Nf6 40.b3 Nc8 41.Qe3 Ree8 42.Qf4 Qa7 43.Re5 Ne7
44.h5 Qa3 45.g4 Qb2 46.Rd1 Qc2 47.Qf3 Nd7 48.Nxd7 Rxd7 49.g5 hxg5 50.Rxg5 Red8
51.h6 Ng6 52.d5 cxd5 53.cxd5 Rd6 54.hxg7 Kxg7 55.Bg2 Rxd5 56.Rgxd5 exd5 57.Rxd5 Rxd5
58.Qxd5 Qc1+ 59.Bf1 Qf4 60.Qd1  1/2-1/2

[Event "37th Olympiad w"]
[Site "Turin ITA"]
[Date "2006.05.28"]
[Round "7"]
[White "Zapata,K"]
[Black "Titova Boric,E"]
[Result "0-1"]
[WhiteElo "2236"]
[BlackElo "2284"]

1.e4 d5 2.exd5 Qxd5 3.Nc3 Qd6 4.d4 Nf6 5.Bg5 a6 6.g3 Nc6 7.d5 Qe5+ 8.Qe2 Qxe2+
9.Bxe2 Nd4 10.O-O-O Nxe2+ 11.Ngxe2 Bg4 12.Rd4 Bf3 13.Re1 O-O-O 14.Ng1 Bh5
15.h4 h6 16.Bf4 Rd7 17.Rc4 b5 18.Rc6 Kb7 19.Rc5 b4 20.Na4 Nxd5 21.Bxc7 e6
22.Ba5 Be7 23.f3 g5 24.g4 Bg6 25.h5 Bh7 26.Ne2 Rc8 27.Rxc8 Kxc8 28.c4 bxc3
29.Nexc3 Kb7 30.Nxd5 Rxd5 31.Bc3 Bd6 32.b4 Kc6 33.Nc5 a5 34.a3 axb4 35.axb4 Bxc5
36.bxc5 Rxc5 37.Kb2 Rb5+ 38.Ka2 Bg8 39.Bf6 Rb7 40.Rc1+ Kd5 41.Rc8 Bh7 42.Rh8 Bb1+
43.Ka3 Kc4 44.Rc8+ Kd3 45.Bg7 Ke2 46.Rc3 Bd3 47.Bxh6 Kxf3 48.Bxg5 Kxg4 49.Bf6 Bf5
50.h6 Kh5 51.Bg7 Bh7 52.Rg3 f5 53.Ka4 f4 54.Rg1 f3 55.Rg3 Rf7 56.Bd4 f2 57.Bxf2 Rxf2
58.Rh3+ Kg6 59.Kb4 Rf5 60.Kc4 Rh5 61.Rf3 Rxh6 62.Kc5 Kg5 63.Kd6 Bf5 64.Ke5 Rh1
65.Rg3+ Bg4 66.Re3 Ra1 67.Rb3 Re1+ 68.Kd4 Kf4 69.Rb8 e5+ 70.Kd5 Rd1+ 71.Kc4 e4
72.Kc3 e3 73.Rf8+ Bf5 74.Re8 Rd5 75.Re7 Re5  0-1

[Event "37th Olympiad w"]
[Site "Turin ITA"]
[Date "2006.05.30"]
[Round "9"]
[White "Andersson,C"]
[Black "Ovezova,Mai"]
[Result "1-0"]
[WhiteElo "2170"]
[BlackElo "2137"]

1.e4 d5 2.exd5 Qxd5 3.Nc3 Qd8 4.d4 Nf6 5.h3 Bf5 6.Qf3 Qc8 7.Bd3 Bxd3 8.Qxd3 e6
9.Bf4 c6 10.O-O-O Nd5 11.Nxd5 cxd5 12.Nf3 Nc6 13.a3 a6 14.Rhe1 Be7 15.Ne5 Bd6
16.Qg3 Bxe5 17.Bxe5 Nxe5 18.Qxe5 O-O 19.Rd3 Qb8 20.Qg5 Qd8 21.Qe5 Qb8 22.Qg5 Qd8
23.Qg4 Qf6 24.f4 Rfc8 25.Re5 g6 26.Qf3 Rc4 27.g4 Rac8 28.c3 b5 29.f5 Rxd4
30.fxg6 Qxf3 31.gxh7+ Kxh7 32.Rxf3 Kg6 33.Re2 b4 34.axb4 Rxb4 35.Kb1 Rb3
36.Ref2 Rb7 37.Rf6+ Kg7 38.Kc2 Rh8 39.R6f3 Rh6 40.Rf1 e5 41.b4 e4 42.Rg3 Rc6
43.Rd1 Rd7 44.Kb3 Kf6 45.h4 Ke5 46.g5 Kf4 47.Rgg1 e3 48.h5 e2 49.Rde1 Kf3
50.h6 Rdc7 51.Rc1 Rc8 52.h7 Rh8 53.Rh1 d4 54.c4 Ke3 55.c5 Rcc8 56.Rh3+ Kf2
57.Rh2+ Ke3 58.Re1 d3 59.Kc3 Rcd8 60.Rh3+ Kf2 61.Kd2 Rd4 62.Rh2+ Kg3 63.Rhh1 Kf4
64.Rc1 Rxb4 65.Rh4+ Kf3 66.Rxb4 Rxh7 67.Kxd3 Rh8 68.c6 Rd8+ 69.Rd4 Rc8 70.Kd2 Kf2
71.Rf4+  1-0

[Event "37th Olympiad w"]
[Site "Turin ITA"]
[Date "2006.05.31"]
[Round "10"]
[White "Hernandez,Ya"]
[Black "Titova Boric,E"]
[Result "0-1"]
[WhiteElo "2225"]
[BlackElo "2284"]

1.e4 d5 2.exd5 Qxd5 3.Nc3 Qd6 4.d4 Nf6 5.Be2 a6 6.Bf3 h6 7.Nge2 g5 8.Ng3 Nc6
9.Be3 g4 10.Be2 h5 11.Qd2 h4 12.Nge4 Nxe4 13.Nxe4 Qg6 14.f3 Bf5 15.Nc5 O-O-O
16.Qc3 e5 17.O-O-O exd4 18.Bxd4 Nxd4 19.Rxd4 Bxc5 20.Qxc5 gxf3 21.Rc4 Qg5+
22.Kb1 Bxc2+ 23.Rxc2 Qxc5 24.Rxc5 fxe2 25.Re1 Rhe8 26.Kc2 Rd4 27.Rf5 Re7
28.Rf2 Rde4 29.Kd3 Kd7 30.Rxf7 Rxf7 31.Kxe4 Rf2 32.h3 Rxg2 33.Kf3 Rg3+ 34.Ke4 Rxh3
35.Rxe2 Rg3 36.Rh2 h3 37.b4 Kc6 38.Rc2+ Kb6 39.Kf4 Rg2 40.Rc3 h2 41.Rh3 Rxa2
42.Ke5 Rd2  0-1

[Event "IHEM"]
[Site "Hamburg GER"]
[Date "2006.06.03"]
[Round "1"]
[White "Putzbach,G"]
[Black "Kopylov,M"]
[Result "0-1"]
[WhiteElo "2257"]
[BlackElo "2463"]

1.e4 d5 2.exd5 Qxd5 3.Nc3 Qd6 4.d4 Nf6 5.Bc4 a6 6.a4 Bg4 7.f3 Bf5 8.Nge2 e6
9.Bf4 Qb4 10.Bb3 c5 11.a5 c4 12.Ra4 cxb3 13.Rxb4 bxc2 14.Qa1 Bxb4 15.Bxb8 Bxc3+
16.bxc3 Rxb8 17.Qa4+ Kf8 18.Qa3+ Kg8 19.g4 Bg6 20.Nf4 Nd5 21.Nxg6 hxg6 22.c4 Rc8
23.c5 Nb4 24.Kd2 Nc6 25.Kxc2 Nxd4+ 26.Kb1 Rh3 27.Qe3 Nc6 28.Rd1 Rc7 29.Rd2 e5
30.Qg5 Re7 31.Rd8+ Kh7 32.Rf8 Rd7 33.Kc1 Rxh2 34.Qe3 Nb4 35.Qg1 Na2+ 36.Kb1 Nc3+
37.Kc1 Ne2+  0-1

[Event "Lasker Mem A"]
[Site "Barlinek POL"]
[Date "2006.06.04"]
[Round "2"]
[White "Liwak,P"]
[Black "Malaniuk,V"]
[Result "1/2-1/2"]
[WhiteElo "2340"]
[BlackElo "2539"]

1.e4 d5 2.exd5 Qxd5 3.Nc3 Qd6 4.d4 Nf6 5.Nf3 c6 6.Ne5 Nbd7 7.Nc4 Qc7 8.g3 Nb6
9.Bf4 Qd8 10.Qd2 Be6 11.Ne5 g6 12.Bg2 Bg7 13.O-O O-O 14.Rfe1 Nfd5 15.Bh6 Nxc3
16.Bxg7 Kxg7 17.Qxc3 Nd5  1/2-1/2

[Event "2nd Open"]
[Site "San Marino SMR"]
[Date "2006.06.07"]
[Round "4"]
[White "Areshchenko,A"]
[Black "Manik,M"]
[Result "1-0"]
[WhiteElo "2660"]
[BlackElo "2450"]

1.e4 d5 2.exd5 Qxd5 3.Nc3 Qd6 4.d4 Nf6 5.Nf3 a6 6.Bc4 Nc6 7.Ng5 e6 8.Be3 b5
9.Be2 Bb7 10.Bf3 h6 11.Nge4 Nxe4 12.Nxe4 Qd7 13.O-O O-O-O 14.Qe2 Nxd4 15.Bxd4 Qxd4
16.a4 Qc4 17.Qe3 Qd4 18.Qe2 Qc4 19.Qe3 Qd4 20.Qe1 b4 21.Rd1 Qe5 22.Nc5  1-0

[Event "28th Nezhmetdinov mem"]
[Site "Kazan RUS"]
[Date "2006.06.08"]
[Round "8"]
[White "Gerasimov,I"]
[Black "Zemtsov,I"]
[Result "1/2-1/2"]
[WhiteElo "2227"]
[BlackElo "2361"]

1.e4 d5 2.exd5 Qxd5 3.Nc3 Qd6 4.d4 Nf6 5.Nf3 a6 6.g3 Bg4 7.Bg2 e6 8.O-O Nc6
9.Bf4 Qd7 10.h3 Bxf3 11.Qxf3 Qxd4 12.Bxc7 Be7 13.Rfd1 Qa7 14.Na4 Rc8 15.Bb6 Qb8
16.c4 O-O 17.Rac1 Rfe8 18.a3 a5 19.Qb3 h5 20.Nc5 Nd4 21.Rxd4 Bxc5 22.Bxc5 Rxc5
23.Qb6 Rf5 24.Rcd1 Qe5 25.b3 a4 26.Qxb7 axb3 27.Qxb3 g6 28.Qd3 Qc5 29.Rd2 Kg7
30.a4 Rb8 31.Ra2 e5 32.Rd6 e4 33.Qd4 Rb1+ 34.Kh2 Rb4 35.Qxc5 Rxc5 36.a5 Rcxc4
37.a6 Ra4 38.Rdd2 Rxa2 39.Rxa2 Rc8 40.a7 Ra8 41.f3 Nd7 42.fxe4 Ne5 43.Ra6 Kf8
44.Ra5 f6 45.Ra6 Ke7 46.Kg1 Kd7 47.Kf2 Kc7 48.Ke3 Kb7 49.Rxf6 Rxa7 50.Kf4 Ra5
51.Re6 Nd3+ 52.Ke3 Ne5 53.Kd4 Nc6+ 54.Kc4 Ra2 55.Bf1 Rf2 56.Bd3 Rf3 57.e5 Re3
58.Rxg6 Rxe5 59.Kc3 Kc7 60.Kd2 Kd7 61.g4 hxg4 62.hxg4 Ne7 63.Ra6 Rg5 64.Be2 Re5
65.Ke1 Ke8 66.Kf2 Kf7 67.Kf3 Kg7 68.Bd3 Nd5 69.Be4 Ne7 70.Kf4 Rc5 71.Ra7 Kf6
72.g5+ Ke6 73.Ra6+ Kf7 74.Rh6 Rc1 75.Rh7+ Ke6 76.Bd3 Nd5+  1/2-1/2

[Event "10th Heraclion Open"]
[Site "Athens GRE"]
[Date "2006.06.12"]
[Round "3"]
[White "Petraki,M"]
[Black "Kulicov,O"]
[Result "0-1"]
[WhiteElo "2094"]
[BlackElo "2407"]

1.e4 d5 2.exd5 Qxd5 3.Nc3 Qd6 4.Bc4 Nf6 5.Nge2 a6 6.a4 Qc6 7.d3 Qxg2 8.Rg1 Qxh2
9.Bf4 Qh5 10.Qd2 Nc6 11.Rg5 Qh3 12.O-O-O g6 13.Rg3 Qd7 14.Bh6 Qd6 15.Bxf8 Rxf8
16.Qe3 Bd7 17.Ne4 Nxe4 18.dxe4 Qb4 19.Bb3 O-O-O 20.Nc3 e6 21.e5 Kb8 22.Ne4 Bc8
23.Rxd8 Rxd8 24.Ng5 Nd4 25.Rg1 Nf5 26.Qe2 h6 27.Ne4 b6 28.Qc4 Qxc4 29.Bxc4 Rd4
30.Nd2 Rf4 31.f3 Bb7 32.c3 Bxf3 33.Bxa6 Rxa4 34.Nxf3 Rxa6 35.Kc2 Ra4 36.Nd2 Rf4
37.Kd3 g5 38.Ne4 Rf3+ 39.Kc4 Kb7 40.Rd1 Ne3+  0-1

[Event "Open A"]
[Site "Voronezh RUS"]
[Date "2006.06.14"]
[Round "3"]
[White "Ponomariov,T"]
[Black "Chuprikov,D"]
[Result "0-1"]
[WhiteElo "2251"]
[BlackElo "2377"]

1.e4 d5 2.exd5 Qxd5 3.Nc3 Qd6 4.d4 Nf6 5.Nf3 a6 6.Be2 Nc6 7.O-O Bg4 8.Be3 e6
9.Qd2 Be7 10.Rad1 Rd8 11.Rfe1 O-O 12.Bf4 Qb4 13.Bxc7 Rd7 14.a3 Qxb2 15.Rb1 Qxa3
16.Rb3 Qxb3 17.cxb3 Rxc7 18.Qf4 Rd7 19.Rd1 Rfd8 20.Ne5 Nxe5 21.Qxe5 Bxe2
22.Nxe2 Nd5 23.Rc1 Bf6 24.Qe4 g6 25.f4 Ne7 26.g4 Nc6 27.Rd1 Nxd4 28.Nxd4 Bxd4+
29.Kg2 Rd5 30.Rd3 Bf6 31.Rxd5 Rxd5 32.Qc4 Rb5 33.Kf3 h6 34.Kg3 Kg7 35.h4 h5
36.g5 Be7 37.Kf3 Bf8 38.Qc3+ Kg8 39.Qc4 Rb4 40.Qd3 a5 41.Qd8 Rxb3+ 42.Ke4 Rb4+
43.Ke5 Rb5+ 44.Ke4 a4 45.Qe8 Ra5 46.Qd8 Rd5 47.Qb6 a3 48.f5 gxf5+ 49.Kf4 a2
50.Qa7 Bd6+ 51.Kf3 Rd3+ 52.Ke2 Ra3  0-1

[Event "10th Heraclion Open"]
[Site "Athens GRE"]
[Date "2006.06.15"]
[Round "6"]
[White "Sigalas,F"]
[Black "Koerant,F"]
[Result "1-0"]
[WhiteElo "2191"]
[BlackElo "2111"]

1.e4 d5 2.exd5 Qxd5 3.Nc3 Qd6 4.d4 Nf6 5.Bc4 a6 6.Nge2 b5 7.Bb3 e6 8.Bf4 Qb6
9.Qd3 Bb7 10.d5 Bc5 11.O-O-O O-O 12.dxe6 fxe6 13.f3 Nbd7 14.a4 Kh8 15.Bg3 Be3+
16.Kb1 Nc5 17.Qxe3  1-0

[Event "10th Heraclion Open"]
[Site "Athens GRE"]
[Date "2006.06.16"]
[Round "7"]
[White "Georgiadis,I"]
[Black "Kulicov,O"]
[Result "1/2-1/2"]
[WhiteElo "2269"]
[BlackElo "2407"]

1.e4 d5 2.exd5 Qxd5 3.Nc3 Qd6 4.d4 Nf6 5.Nf3 c6 6.Ne5 Nbd7 7.Nc4 Qc7 8.Qf3 Nb6
9.Ne5 Be6 10.Bf4 Qd8 11.Rd1 Nbd5 12.Nxd5 Qxd5 13.Qxd5 Nxd5 14.Bd2 Bf5 15.c4 Nb6
16.b3 e6 17.Bd3 Bxd3 18.Nxd3 Be7 19.Be3 Nd7 20.Ke2 a6  1/2-1/2

[Event "National Open"]
[Site "Las Vegas USA"]
[Date "2006.06.16"]
[Round "2"]
[White "Sevillano,E"]
[Black "Cottrell,K"]
[Result "1-0"]
[WhiteElo "2472"]
[BlackElo "1887"]

1.e4 d5 2.exd5 Qxd5 3.Nc3 Qd8 4.d4 c6 5.Bc4 Nf6 6.Nf3 Bf5 7.Ne2 h6 8.Ng3 Bh7
9.Ne5 e6 10.Qe2 Nd5 11.Qh5 Qc7 12.O-O Bd6 13.Re1 O-O 14.Qg4 Nf6 15.Qh4 Nbd7
16.Nxd7 Qxd7 17.Bxh6 Be7 18.Qg5 Ne8 19.Qg4 Bg6 20.Rxe6 Nf6 21.Qxg6 Ne8 22.Rxe7 Qxe7
23.Bxg7 Qd6 24.Bf6+  1-0